Key Battles in History - Statistics

General Stats
  • This quiz has been taken 29 times
  • The average score is 8 of 13
Answer Stats
Hint Answer % Correct
A Confederate America (1863) Gettysburg
100%
A Napoleonic Europe (1815) Waterloo
100%
A Japanese controlled Pacific (1942) Midway
92%
A Nazi Europe (1943) Stalingrad
81%
A Persian Greece (490 BC) Marathon
62%
An Islamic Western Europe (732) Tours
58%
An Ottoman Central Europe (1529) Vienna
58%
A Germany Victory, Before the War even really started (1914) Marne
46%
A Soviet Dominated Eastern Europe, a few decades sooner (1920) Warsaw
46%
Carthage Rules the Mediterranean (202 B.C) Zama
46%
The Ottomans kicked out of Europe (1444) Varna
35%
A Germanic Baltic (1410) Grunwald
31%
A Catholic, Germanic Russia (1242) Ice
15%
No matching quizzes found
Score Distribution
Percent of People with Each Score
Percentile by Number Answered
Your Score History
You have not taken this quiz